| 000 | 00465nam a22001457a 4500 | ||
|---|---|---|---|
| 005 | 20250303111750.0 | ||
| 008 | 250303b |||||||| |||| 00| 0 eng d | ||
| 020 | _a9783030792862 | ||
| 040 | _cPK-LaUMT | ||
| 082 |
_a004.67 _bBRA- |
||
| 245 |
_aBrain-computer interfance research : _ba state-of-the-art summary 10 / _cedited by Chirstoph Guger, Brendan Z. Allison and Aysegual Gunduz |
||
| 260 |
_aSwitzlernad : _bSpringer, _c2021 |
||
| 300 | _a125 p. | ||
| 942 | _cBK | ||
| 999 |
_c137048 _d137048 |
||